Hybridní integrované obvody : Brno, 13,- 15. 5. 1985

Enregistré dans:
Détails bibliographiques
Format: Livre
Langue:tchèque
Publié: Pardubice : Dom techniky, 1985
Édition:1.vyd.
Tags: Ajouter un tag
Pas de tags, Soyez le premier à ajouter un tag!

MARC

LEADER 00000nam a22000003a 4500
001 stu123790
005 20150408182252.7
008 060721s1985----cs------------------cze-d
040 |a STU  |b slo 
041 0 |a cze 
044 |a cs 
080 |a 621.382.049.776 
245 |a Hybridní integrované obvody :  |b Brno, 13,- 15. 5. 1985 
250 |a 1.vyd. 
260 |a Pardubice :  |b Dom techniky,  |c 1985 
300 |a 195 s 
996 |b E57121  |c E*57121  |l EE05  |s P  |a 0  |w stu123790_0001